[Event "CRO-ch 10th"]
[Site "Otocac"]
[Date "2010.01.22"]
[Round "5.1"]
[White "Jovanic, Ognjen"]
[Black "Cvitan, Ognjen"]
[Result "1-0"]
[WhiteElo "2533"]
[BlackElo "2554"]
[PlyCount "109"]
[EventDate "2010.01.18"]
[EventRounds "11"]
[EventCountry "CRO"]
[EventCategory "13"]

1. d4 d5 2. c4 dxc4 3. e4 Nf6 4. e5 Nd5 5. Bxc4 Nb6 6. Bd3 Nc6 7. Be3 Be6 8.
Nc3 Qd7 9. Nge2 Nb4 10. Be4 Bd5 11. a3 Bxe4 12. Nxe4 Na6 13. O-O e6 14. Nf4 Nd5
15. Nd3 c6 16. Qe2 h6 17. Ndc5 Bxc5 18. dxc5 O-O 19. Rad1 Qe7 20. Bxh6 Nxc5 21.
Bxg7 Kxg7 22. Qg4+ Kh6 23. Nxc5 Qg5 24. Qf3 Qh5 25. Qe4 Rg8 26. Rd4 Rg6 27. Nd3
Rag8 28. Nf4 Nxf4 29. Qxf4+ Qg5 30. g3 c5 31. Qxg5+ Rxg5 32. Rd7 Rxe5 33. Rxf7
Rg7 34. Rxg7 Kxg7 35. Rc1 Re2 36. Rxc5 Rxb2 37. Ra5 a6 38. Kg2 Kf6 39. g4 e5
40. h4 Rb3 41. Ra4 e4 42. Ra5 e3 43. fxe3 Rxe3 44. Rf5+ Kg6 45. Rf3 Re4 46. Kg3
b5 47. h5+ Kg7 48. Kh4 Re6 49. Rc3 a5 50. Rc7+ Kg8 51. Ra7 a4 52. Rb7 Re3 53.
Kg5 Rxa3 54. Kg6 Kf8 55. h6 1-0

[Event "CRO-ch 10th"]
[Site "Otocac"]
[Date "2010.01.22"]
[Round "5.2"]
[White "Kozul, Zdenko"]
[Black "Brkic, Ante"]
[Result "1-0"]
[WhiteElo "2617"]
[BlackElo "2564"]
[PlyCount "57"]
[EventDate "2010.01.18"]
[EventRounds "11"]
[EventCountry "CRO"]
[EventCategory "13"]

1. d4 Nf6 2. c4 e6 3. Nf3 d5 4. e3 b6 5. Nc3 Bd6 6. g4 Bb7 7. g5 Ne4 8. cxd5
exd5 9. Qa4+ Bc6 10. Qb3 Nxg5 11. Nxg5 Qxg5 12. e4 Qe7 13. e5 Bxe5 14. dxe5 d4
15. Rg1 Nd7 16. Bf4 Nxe5 17. O-O-O O-O-O 18. Re1 f6 19. Ne4 Kb8 20. Nd2 Rd5 21.
Kb1 Rc5 22. Qg3 Re8 23. Nb3 Rd5 24. Bg2 Qd7 25. Bxd5 Qxd5 26. Qxg7 Re6 27. Bxe5
fxe5 28. Qg8+ Kb7 29. Nxd4 1-0

[Event "CRO-ch 10th"]
[Site "Otocac"]
[Date "2010.01.22"]
[Round "5.3"]
[White "Saric, Ivan"]
[Black "Palac, Mladen"]
[Result "1-0"]
[WhiteElo "2586"]
[BlackElo "2563"]
[PlyCount "57"]
[EventDate "2010.01.18"]
[EventRounds "11"]
[EventCountry "CRO"]
[EventCategory "13"]

1. e4 c5 2. Nf3 d6 3. d4 cxd4 4. Nxd4 Nf6 5. Nc3 a6 6. h3 e6 7. g4 Be7 8. Bg2
Nfd7 9. Be3 Nc6 10. Qe2 O-O 11. O-O-O Rb8 12. f4 Qc7 13. g5 Nxd4 14. Rxd4 b5
15. a3 Nb6 16. Rf1 Bd7 17. f5 Rfc8 18. f6 Bf8 19. e5 d5 20. fxg7 Bxg7 21. Qh5
Nc4 22. Rh4 Be8 23. Qxh7+ Kf8 24. Rxc4 bxc4 25. g6 d4 26. Bxd4 Rd8 27. Bd5 Rxd5
28. Nxd5 exd5 29. gxf7 1-0

[Event "CRO-ch 10th"]
[Site "Otocac"]
[Date "2010.01.22"]
[Round "5.4"]
[White "Zelcic, Robert"]
[Black "Jovanovic, Zoran"]
[Result "0-1"]
[WhiteElo "2557"]
[BlackElo "2537"]
[PlyCount "76"]
[EventDate "2010.01.18"]
[EventRounds "11"]
[EventCountry "CRO"]
[EventCategory "13"]

1. e4 d5 2. exd5 Qxd5 3. Nc3 Qd6 4. d4 Nf6 5. Nf3 g6 6. Bg5 Bg7 7. Qd2 O-O 8.
Be2 a6 9. Bf4 Qd8 10. Ne5 Nbd7 11. O-O-O c6 12. Bf3 Nb6 13. Kb1 Nbd5 14. Nxd5
cxd5 15. g4 Ne4 16. Qe3 f6 17. Nd3 Qb6 18. Qe1 Qxd4 19. Be3 Qc4 20. Nc5 Qb5 21.
c4 Qe8 22. cxd5 f5 23. Nxe4 fxe4 24. Be2 b5 25. Qb4 Bb7 26. Rhe1 Qf7 27. d6
exd6 28. Rxd6 Rfc8 29. Red1 Bf8 30. a3 Bxd6 31. Rxd6 Bd5 32. Qd2 Rd8 33. Rxd8+
Rxd8 34. Ka1 Rd7 35. Qc3 Bc4 36. Bh6 Qd5 37. Bxc4 Qxc4 38. Qe1 Qc2 0-1

[Event "CRO-ch 10th"]
[Site "Otocac"]
[Date "2010.01.22"]
[Round "5.5"]
[White "Jankovic, Alojzije"]
[Black "Stevic, Hrvoje"]
[Result "1/2-1/2"]
[WhiteElo "2541"]
[BlackElo "2614"]
[PlyCount "43"]
[EventDate "2010.01.18"]
[EventRounds "11"]
[EventCountry "CRO"]
[EventCategory "13"]

1. d4 d5 2. c4 dxc4 3. e3 e5 4. Bxc4 exd4 5. exd4 Nf6 6. Nf3 Bd6 7. O-O O-O 8.
h3 h6 9. Nc3 Nc6 10. Qc2 Nb4 11. Qb1 Be6 12. Bxe6 fxe6 13. Re1 Qd7 14. Bd2 Rae8
15. Ne4 Nxe4 16. Rxe4 Nd5 17. Qd3 Rf6 18. Rae1 Qf7 19. Qe2 a6 20. Ne5 Bxe5 21.
Rxe5 c6 22. f3 1/2-1/2

[Event "CRO-ch 10th"]
[Site "Otocac"]
[Date "2010.01.22"]
[Round "5.6"]
[White "Sulava, Nenad"]
[Black "Martinovic, Sasa"]
[Result "1/2-1/2"]
[WhiteElo "2539"]
[BlackElo "2499"]
[PlyCount "104"]
[EventDate "2010.01.18"]
[EventRounds "11"]
[EventCountry "CRO"]
[EventCategory "13"]

1. d4 d5 2. c4 c6 3. cxd5 cxd5 4. Nf3 Nf6 5. Nc3 Nc6 6. Bf4 Bf5 7. e3 e6 8. Bb5
Nd7 9. O-O Be7 10. Qb3 O-O 11. Rfc1 Na5 12. Qa4 Nc4 13. Bxd7 Nb6 14. Qb5 Qxd7
15. Qxd7 Nxd7 16. Nb5 Bd3 17. a4 Bxb5 18. axb5 Rfc8 19. Rxc8+ Rxc8 20. Ne1 a6
21. bxa6 bxa6 22. Nd3 Rc6 23. Kf1 Kf8 24. b4 f6 25. Ke2 Ke8 26. g4 Kd8 27. Bg3
Kc8 28. f3 Kb7 29. Nc5+ Bxc5 30. dxc5 Rc8 31. e4 dxe4 32. fxe4 e5 33. Be1 h6
34. Bc3 Nb8 35. Kd3 Nc6 36. Kc4 Rd8 37. h4 Na7 38. g5 hxg5 39. hxg5 Nb5 40.
gxf6 gxf6 41. Rf1 Nxc3 42. Kxc3 Rd4 43. Rxf6 Rxe4 44. Rf7+ Kb8 45. Re7 Re3+ 46.
Kc4 Re4+ 47. Kb3 Re1 48. Ka4 Ra1+ 49. Kb3 Re1 50. Kc3 Re3+ 51. Kc2 Re4 52. Kc3
Re3+ 1/2-1/2

[Event "CRO-ch 10th"]
[Site "Otocac"]
[Date "2010.01.23"]
[Round "6.1"]
[White "Cvitan, Ognjen"]
[Black "Martinovic, Sasa"]
[Result "1/2-1/2"]
[WhiteElo "2554"]
[BlackElo "2499"]
[PlyCount "42"]
[EventDate "2010.01.18"]
[EventRounds "11"]
[EventCountry "CRO"]
[EventCategory "13"]

1. d4 Nf6 2. c4 g6 3. Nf3 Bg7 4. g3 d5 5. cxd5 Nxd5 6. Bg2 Nb6 7. Nc3 Nc6 8. e3
O-O 9. O-O Re8 10. d5 Na5 11. Nd4 Bd7 12. e4 c6 13. Re1 Rc8 14. Rb1 cxd5 15.
exd5 Nac4 16. b3 Nd6 17. Bb2 Rc5 18. Qd2 Qc7 19. Ba1 Rc8 20. Rbc1 Qd8 21. h3 h5
1/2-1/2

[Event "CRO-ch 10th"]
[Site "Otocac"]
[Date "2010.01.23"]
[Round "6.2"]
[White "Stevic, Hrvoje"]
[Black "Sulava, Nenad"]
[Result "1/2-1/2"]
[WhiteElo "2614"]
[BlackElo "2539"]
[PlyCount "38"]
[EventDate "2010.01.18"]
[EventRounds "11"]
[EventCountry "CRO"]
[EventCategory "13"]

1. e4 c5 2. c3 d5 3. exd5 Qxd5 4. d4 Nf6 5. Nf3 Bg4 6. Be2 e6 7. h3 Bh5 8. O-O
Nc6 9. Be3 cxd4 10. Nxd4 Bxe2 11. Qxe2 Be7 12. Rd1 O-O 13. c4 Nxd4 14. Bxd4 Qe4
15. Qxe4 Nxe4 16. Nd2 Nd6 17. b3 Rfd8 18. Nf3 Nf5 19. Bc3 f6 1/2-1/2

[Event "CRO-ch 10th"]
[Site "Otocac"]
[Date "2010.01.23"]
[Round "6.3"]
[White "Jovanovic, Zoran"]
[Black "Jankovic, Alojzije"]
[Result "0-1"]
[WhiteElo "2537"]
[BlackElo "2541"]
[PlyCount "84"]
[EventDate "2010.01.18"]
[EventRounds "11"]
[EventCountry "CRO"]
[EventCategory "13"]

1. e4 c5 2. Nf3 Nc6 3. d4 cxd4 4. Nxd4 Nf6 5. Nc3 d6 6. Bg5 e6 7. Qd2 a6 8.
O-O-O Bd7 9. Be2 h6 10. Bh4 Rc8 11. Nxc6 Bxc6 12. Qe3 Be7 13. e5 Nd5 14. Nxd5
Bxh4 15. Nb6 Bg5 16. f4 Bxf4 17. Qxf4 Qxb6 18. exd6 O-O 19. Bf3 Rfd8 20. Rd2
Bxf3 21. gxf3 Qc5 22. Rhd1 Rc6 23. c3 Rd7 24. a3 Qg5 25. Qxg5 hxg5 26. Kc2 f6
27. b4 Kf7 28. Kb3 b5 29. Rd3 e5 30. a4 Ke6 31. axb5 axb5 32. Ra1 Rcxd6 33.
Rxd6+ Rxd6 34. Ra5 Rd5 35. Kc2 g4 36. fxg4 e4 37. Ra8 Ke5 38. c4 bxc4 39. Kc3
e3 40. Kxc4 Ke4 41. Ra1 e2 42. Re1 Rd2 0-1

[Event "CRO-ch 10th"]
[Site "Otocac"]
[Date "2010.01.23"]
[Round "6.4"]
[White "Palac, Mladen"]
[Black "Zelcic, Robert"]
[Result "1/2-1/2"]
[WhiteElo "2563"]
[BlackElo "2557"]
[PlyCount "23"]
[EventDate "2010.01.18"]
[EventRounds "11"]
[EventCountry "CRO"]
[EventCategory "13"]

1. e4 d6 2. Nc3 c5 3. f4 e5 4. Nf3 Nc6 5. d3 Bg4 6. Be2 Bxf3 7. Bxf3 Nf6 8. O-O
Be7 9. Kh1 O-O 10. g4 Nd4 11. Bg2 Nd7 12. Nb1 1/2-1/2

[Event "CRO-ch 10th"]
[Site "Otocac"]
[Date "2010.01.23"]
[Round "6.5"]
[White "Brkic, Ante"]
[Black "Saric, Ivan"]
[Result "1/2-1/2"]
[WhiteElo "2564"]
[BlackElo "2586"]
[PlyCount "71"]
[EventDate "2010.01.18"]
[EventRounds "11"]
[EventCountry "CRO"]
[EventCategory "13"]

1. e4 e5 2. Nf3 Nc6 3. Bb5 a6 4. Bxc6 dxc6 5. O-O Bg4 6. h3 h5 7. d3 Qf6 8. Be3
Bxf3 9. Qxf3 Qxf3 10. gxf3 Bd6 11. Nd2 Ne7 12. Rfb1 c5 13. a3 Nc6 14. c3 Be7
15. Nb3 O-O-O 16. Rd1 b6 17. Kf1 g6 18. Ke2 f5 19. Rg1 f4 20. Rxg6 fxe3 21.
Rxc6 Bd6 22. d4 exf2 23. d5 Rhg8 24. a4 a5 25. Nd2 Rg3 26. Nc4 Kb7 27. Kxf2
Rxh3 28. Rg1 Rf8 29. Nxd6+ cxd6 30. Rg7+ Ka6 31. Rcc7 Rhxf3+ 32. Ke2 Rf2+ 33.
Ke1 Rf1+ 34. Ke2 R1f2+ 35. Ke1 Rf1+ 36. Ke2 1/2-1/2

[Event "CRO-ch 10th"]
[Site "Otocac"]
[Date "2010.01.23"]
[Round "6.6"]
[White "Jovanic, Ognjen"]
[Black "Kozul, Zdenko"]
[Result "1/2-1/2"]
[WhiteElo "2533"]
[BlackElo "2617"]
[PlyCount "96"]
[EventDate "2010.01.18"]
[EventRounds "11"]
[EventCountry "CRO"]
[EventCategory "13"]

1. d4 Nf6 2. c4 g6 3. Nc3 Bg7 4. Nf3 d6 5. e4 O-O 6. Be2 e5 7. Be3 Nbd7 8. O-O
c6 9. d5 c5 10. Ne1 Kh8 11. Nd3 Ng8 12. Qd2 f5 13. f4 g5 14. fxe5 f4 15. Bxf4
gxf4 16. e6 Ne5 17. Nxf4 Qg5 18. g3 b6 19. Nb5 Qe7 20. Nh5 Bh6 21. Qc3 Ba6 22.
Rf7 Rxf7 23. exf7 Nf6 24. Nxf6 Qxf6 25. Nc7 Rf8 26. Nxa6 Qe7 27. Rf1 Bg7 28.
Kg2 Nxf7 29. Qc2 Qb7 30. Bh5 Qxa6 31. Rxf7 Rxf7 32. Bxf7 Qxa2 33. Be6 Qxb2 34.
Qxb2 Bxb2 35. e5 Bxe5 36. Kf3 Kg7 37. Ke4 Kf6 38. Bd7 Bd4 39. Bc8 Bg1 40. h3
Bf2 41. Kf4 b5 42. cxb5 c4 43. Ke4 h6 44. Be6 Ke7 45. Bg4 c3 46. Kd3 Be1 47.
Be2 Kf6 48. Bg4 Ke5 1/2-1/2

[Event "CRO-ch 10th"]
[Site "Otocac"]
[Date "2010.01.24"]
[Round "7.1"]
[White "Kozul, Zdenko"]
[Black "Cvitan, Ognjen"]
[Result "1/2-1/2"]
[WhiteElo "2617"]
[BlackElo "2554"]
[PlyCount "135"]
[EventDate "2010.01.18"]
[EventRounds "11"]
[EventCountry "CRO"]
[EventCategory "13"]
[Source "Mirjana Medic"]
[SourceDate "2010.01.18"]

1. d4 Nf6 2. c4 e6 3. Nf3 c5 4. d5 d6 5. Nc3 exd5 6. cxd5 g6 7. Nd2 Bg7 8. e4
O-O 9. Be2 Re8 10. O-O Na6 11. f3 Nc7 12. a4 b6 13. Nc4 Ba6 14. Bg5 h6 15. Bh4
Qd7 16. Bf2 Rab8 17. Re1 Bxc4 18. Bxc4 a6 19. Bf1 Qd8 20. Qc2 Nd7 21. f4 Nf6
22. h3 b5 23. Rad1 b4 24. Nb1 b3 25. Qd3 Nh5 26. Qf3 Bxb2 27. g4 Ng7 28. Nd2 g5
29. Nc4 Bd4 30. Bxd4 cxd4 31. fxg5 hxg5 32. Na5 Nxd5 33. Nc6 Qf6 34. Qxf6 Nxf6
35. Nxb8 Rxb8 36. Bxa6 Rb4 37. a5 Ne6 38. Bf1 b2 39. a6 Nc5 40. Rb1 d3 41. a7
Ra4 42. Rxb2 Rxa7 43. e5 dxe5 44. Rxe5 Nfe4 45. Bxd3 Nxd3 46. Rb8+ Kg7 47. Rxe4
Ra1+ 48. Kh2 Ra2+ 49. Kg3 Nf4 50. Re3 Rg2+ 51. Kf3 Rh2 52. Rb5 Rxh3+ 53. Ke4
Rxe3+ 54. Kxe3 f6 55. Ke4 Kg6 56. Rb6 Nh3 57. Kd5 Nf2 58. Rb4 Nd3 59. Ra4 Nf4+
60. Kc5 Nd3+ 61. Kd5 Nf4+ 62. Ke4 Ne6 63. Ra2 Nf4 64. Rd2 Ne6 65. Kd5 Nf4+ 66.
Kc6 Kf7 67. Kd6 f5 68. gxf5 1/2-1/2

[Event "CRO-ch 10th"]
[Site "Otocac"]
[Date "2010.01.24"]
[Round "7.2"]
[White "Saric, Ivan"]
[Black "Jovanic, Ognjen"]
[Result "1/2-1/2"]
[WhiteElo "2586"]
[BlackElo "2533"]
[PlyCount "53"]
[EventDate "2010.01.18"]
[EventRounds "11"]
[EventCountry "CRO"]
[EventCategory "13"]
[Source "Mirjana Medic"]
[SourceDate "2010.01.18"]

1. e4 e5 2. Nf3 Nc6 3. Bc4 Bc5 4. c3 Nf6 5. d3 a6 6. O-O Ba7 7. Re1 d6 8. Bb3
O-O 9. h3 h6 10. Nbd2 Be6 11. Nh2 Bxb3 12. axb3 d5 13. Qf3 dxe4 14. dxe4 Qd7
15. Nc4 Qe6 16. Ng4 Nxg4 17. Qxg4 Qxg4 18. hxg4 Rfd8 19. Kf1 f6 20. Ke2 Kf7 21.
Be3 Bxe3 22. Nxe3 Rd7 23. Red1 Rxd1 24. Rxd1 Rd8 25. Nd5 Rd7 26. Ra1 a5 27. Ra4
1/2-1/2

[Event "CRO-ch 10th"]
[Site "Otocac"]
[Date "2010.01.24"]
[Round "7.3"]
[White "Zelcic, Robert"]
[Black "Brkic, Ante"]
[Result "1-0"]
[WhiteElo "2557"]
[BlackElo "2564"]
[PlyCount "125"]
[EventDate "2010.01.18"]
[EventRounds "11"]
[EventCountry "CRO"]
[EventCategory "13"]
[Source "Mirjana Medic"]
[SourceDate "2010.01.18"]

1. e4 e5 2. Nf3 Nc6 3. d4 exd4 4. Nxd4 Bc5 5. Be3 Qf6 6. c3 Nge7 7. Bc4 O-O 8.
O-O b6 9. Re1 Bb7 10. Nb5 Bxe3 11. Rxe3 Ne5 12. Bf1 d5 13. Nxc7 Rad8 14. exd5
Nf5 15. Re4 Rd7 16. Qe2 Ng6 17. Ne8 Qd8 18. c4 Nfe7 19. Nxg7 Kxg7 20. Nc3 Nf5
21. Re1 Qf6 22. Qd2 Rc8 23. b3 a6 24. a4 Rdc7 25. g3 Nd6 26. R4e3 b5 27. Ne4
Nxe4 28. Rxe4 bxc4 29. bxc4 Rc5 30. h4 h5 31. Qd1 Rh8 32. R4e3 Rc7 33. Rf3 Qb2
34. Re2 Qb6 35. Qa1+ f6 36. Re6 Qxe6 37. dxe6 Bxf3 38. Qd4 Ne5 39. Qd6 Rc6 40.
Qe7+ Kg6 41. Bg2 Rxc4 42. Bxf3 Nxf3+ 43. Kg2 Ne5 44. Qb7 Rhc8 45. Kh3 Rc2 46.
f3 R8c7 47. Qe4+ Kg7 48. e7 Kf7 49. f4 Kxe7 50. fxe5 R7c5 51. Qb7+ Ke6 52. exf6
Kxf6 53. Qxa6+ Rc6 54. Qf1+ Ke7 55. a5 R6c5 56. Qb1 Rc1 57. Qe4+ Kd8 58. a6 Ra5
59. Qd4+ Kc8 60. Qh8+ Kd7 61. Qg7+ Ke8 62. Qg6+ Kf8 63. Qh6+ 1-0

[Event "CRO-ch 10th"]
[Site "Otocac"]
[Date "2010.01.24"]
[Round "7.4"]
[White "Jankovic, Alojzije"]
[Black "Palac, Mladen"]
[Result "1-0"]
[WhiteElo "2541"]
[BlackElo "2563"]
[PlyCount "77"]
[EventDate "2010.01.18"]
[EventRounds "11"]
[EventCountry "CRO"]
[EventCategory "13"]
[Source "Mirjana Medic"]
[SourceDate "2010.01.18"]

1. d4 Nf6 2. c4 e6 3. Nf3 d5 4. Nc3 Bb4 5. cxd5 exd5 6. Bg5 Nbd7 7. e3 c5 8.
Bd3 c4 9. Bf5 Nb6 10. Bxc8 Rxc8 11. O-O O-O 12. Ne5 Bxc3 13. bxc3 Qd6 14. Bxf6
Qxf6 15. a4 Rc7 16. Qg4 Qe7 17. Rfe1 Re8 18. e4 dxe4 19. Rxe4 f6 20. Nd7 Rxd7
21. Rxe7 Rexe7 22. Kf1 g6 23. a5 Nd5 24. Qf3 f5 25. Re1 Rxe1+ 26. Kxe1 b5 27.
Qg3 Kf7 28. Kd2 Nc7 29. Qe5 a6 30. Qh8 Ke6 31. Kc2 Kd6 32. Qf6+ Kd5 33. h4 Rd6
34. Qf7+ Kc6 35. Qxh7 b4 36. Qf7 Nd5 37. cxb4 Kb5 38. Qe8+ Rc6 39. Qe5 1-0

[Event "CRO-ch 10th"]
[Site "Otocac"]
[Date "2010.01.24"]
[Round "7.5"]
[White "Sulava, Nenad"]
[Black "Jovanovic, Zoran"]
[Result "1/2-1/2"]
[WhiteElo "2539"]
[BlackElo "2537"]
[PlyCount "90"]
[EventDate "2010.01.18"]
[EventRounds "11"]
[EventCountry "CRO"]
[EventCategory "13"]
[Source "Mirjana Medic"]
[SourceDate "2010.01.18"]

1. d4 Nf6 2. Bg5 e6 3. e4 h6 4. Bxf6 Qxf6 5. c3 d6 6. Bd3 g6 7. Ne2 e5 8. O-O
Nc6 9. Bb5 Bd7 10. d5 Nb8 11. Qb3 b6 12. a4 Bg7 13. a5 O-O 14. Nd2 Qe7 15. axb6
cxb6 16. Nc4 Bxb5 17. Qxb5 Nd7 18. Qc6 Rfd8 19. Qxd6 Qxd6 20. Nxd6 Nc5 21. b4
Rxd6 22. bxc5 bxc5 23. Rfb1 c4 24. Rb4 Bf8 25. Rxc4 Rb6 26. g3 Rb2 27. Nc1 Rd2
28. Nb3 Rc2 29. Na5 Rb8 30. Nc6 Rbb2 31. Rf1 Ra2 32. Nxe5 a5 33. Rc8 Kg7 34.
Nd7 Bb4 35. e5 Bxc3 36. d6 Bd4 37. Rxc2 Rxc2 38. Rd1 Bxf2+ 39. Kh1 a4 40. Nf6
Bb6 41. Nd5 Ba5 42. Ra1 Rc5 43. Ne3 Rxe5 44. Nc4 Rd5 45. Rxa4 Rd4 1/2-1/2

[Event "CRO-ch 10th"]
[Site "Otocac"]
[Date "2010.01.24"]
[Round "7.6"]
[White "Martinovic, Sasa"]
[Black "Stevic, Hrvoje"]
[Result "1/2-1/2"]
[WhiteElo "2499"]
[BlackElo "2614"]
[PlyCount "24"]
[EventDate "2010.01.18"]
[EventRounds "11"]
[EventCountry "CRO"]
[EventCategory "13"]
[Source "Mirjana Medic"]
[SourceDate "2010.01.18"]

1. d4 d5 2. c4 dxc4 3. Nf3 a6 4. e3 b5 5. a4 Bb7 6. b3 e6 7. axb5 axb5 8. Rxa8
Bxa8 9. bxc4 bxc4 10. Bxc4 Nf6 11. O-O Nbd7 12. Nc3 Be7 1/2-1/2

[Event "CRO-ch 10th"]
[Site "Otocac"]
[Date "2010.01.25"]
[Round "8.1"]
[White "Cvitan, Ognjen"]
[Black "Stevic, Hrvoje"]
[Result "1/2-1/2"]
[WhiteElo "2554"]
[BlackElo "2614"]
[PlyCount "27"]
[EventDate "2010.01.18"]
[EventRounds "11"]
[EventCountry "CRO"]
[EventCategory "13"]
[Source "Mirjana Medic"]
[SourceDate "2010.01.18"]

1. d4 d5 2. Nf3 a6 3. c4 dxc4 4. e3 b5 5. a4 Bb7 6. b3 e6 7. axb5 axb5 8. Rxa8
Bxa8 9. bxc4 bxc4 10. Bxc4 Nf6 11. O-O Nbd7 12. Nbd2 Be7 13. Bb2 O-O 14. Qc2
1/2-1/2

[Event "CRO-ch 10th"]
[Site "Otocac"]
[Date "2010.01.25"]
[Round "8.2"]
[White "Jovanovic, Zoran"]
[Black "Martinovic, Sasa"]
[Result "0-1"]
[WhiteElo "2537"]
[BlackElo "2499"]
[PlyCount "80"]
[EventDate "2010.01.18"]
[EventRounds "11"]
[EventCountry "CRO"]
[EventCategory "13"]
[Source "Mirjana Medic"]
[SourceDate "2010.01.18"]

1. b3 e5 2. Bb2 Nc6 3. e4 Nf6 4. Nf3 Nxe4 5. Nxe5 Nxe5 6. Qe2 Bd6 7. d4 f5 8.
dxe5 Bb4+ 9. c3 Bc5 10. Nd2 Nxf2 11. b4 Bb6 12. e6 Qe7 13. c4 Nxh1 14. c5 dxe6
15. Qh5+ g6 16. Qh6 e5 17. Nc4 Bd7 18. Be2 O-O-O 19. Kf1 Bxc5 20. bxc5 Qxc5 21.
Qe3 Qxe3 22. Nxe3 Bc6 23. Nc4 Bb5 24. Bc3 Rd5 25. Ne3 Rc5 26. Bb4 Bxe2+ 27.
Kxe2 Rb5 28. Bc3 Rc5 29. Bb4 Rb5 30. Bc3 f4 31. Ng4 Rc5 32. Bd2 Rd8 33. Rxh1
Rc2 34. Rd1 e4 35. Ke1 e3 36. Bb4 Rxd1+ 37. Kxd1 Rxg2 38. h3 Rxa2 39. Bf8 Rg2
40. Bh6 e2+ 0-1

[Event "CRO-ch 10th"]
[Site "Otocac"]
[Date "2010.01.25"]
[Round "8.3"]
[White "Palac, Mladen"]
[Black "Sulava, Nenad"]
[Result "1/2-1/2"]
[WhiteElo "2563"]
[BlackElo "2539"]
[PlyCount "25"]
[EventDate "2010.01.18"]
[EventRounds "11"]
[EventCountry "CRO"]
[EventCategory "13"]
[Source "Mirjana Medic"]
[SourceDate "2010.01.18"]

1. e4 e5 2. Nf3 Nc6 3. Bb5 Nf6 4. d3 Bc5 5. c3 O-O 6. O-O d6 7. Nbd2 a6 8. Bxc6
bxc6 9. d4 exd4 10. cxd4 Bb6 11. Qc2 Re8 12. Qxc6 Rb8 13. Re1 1/2-1/2

[Event "CRO-ch 10th"]
[Site "Otocac"]
[Date "2010.01.25"]
[Round "8.4"]
[White "Brkic, Ante"]
[Black "Jankovic, Alojzije"]
[Result "0-1"]
[WhiteElo "2564"]
[BlackElo "2541"]
[PlyCount "76"]
[EventDate "2010.01.18"]
[EventRounds "11"]
[EventCountry "CRO"]
[EventCategory "13"]
[Source "Mirjana Medic"]
[SourceDate "2010.01.18"]

1. e4 c5 2. Nf3 Nc6 3. d4 cxd4 4. Nxd4 Nf6 5. Nc3 d6 6. Bg5 e6 7. Qd2 a6 8.
O-O-O Bd7 9. f3 Be7 10. Be3 O-O 11. g4 Nxd4 12. Bxd4 Bc6 13. g5 Nd7 14. h4 b5
15. Kb1 b4 16. Ne2 Ne5 17. Rh3 a5 18. Nf4 Qc7 19. Nh5 Rfc8 20. Rc1 Bf8 21. Rg3
Ng6 22. Bd3 e5 23. Be3 d5 24. exd5 Bxd5 25. f4 e4 26. Bf1 Be6 27. Qf2 a4 28. f5
Bxa2+ 29. Kxa2 b3+ 30. Kb1 a3 31. fxg6 hxg6 32. bxa3 b2 33. Rd1 Rxa3 34. Bb6
Qe7 35. Rd4 e3 36. Rxe3 Rxe3 37. Bc4 Re1+ 38. Kxb2 Qa3# 0-1

[Event "CRO-ch 10th"]
[Site "Otocac"]
[Date "2010.01.25"]
[Round "8.5"]
[White "Jovanic, Ognjen"]
[Black "Zelcic, Robert"]
[Result "1/2-1/2"]
[WhiteElo "2533"]
[BlackElo "2557"]
[PlyCount "106"]
[EventDate "2010.01.18"]
[EventRounds "11"]
[EventCountry "CRO"]
[EventCategory "13"]
[Source "Mirjana Medic"]
[SourceDate "2010.01.18"]

1. d4 Nf6 2. Nf3 e6 3. c4 Bb4+ 4. Bd2 Qe7 5. g3 Nc6 6. Bg2 O-O 7. O-O d5 8. Qc2
Bxd2 9. Nbxd2 Rd8 10. Rad1 Bd7 11. a3 a5 12. e4 dxe4 13. Nxe4 Nxe4 14. Qxe4
Rab8 15. Rfe1 Qf6 16. h4 h6 17. d5 exd5 18. cxd5 Na7 19. Qd4 Qxd4 20. Nxd4 Re8
21. Be4 Kf8 22. Bf5 Rxe1+ 23. Rxe1 Rd8 24. Bd3 Be8 25. Be4 Nc8 26. Rc1 Ne7 27.
Ne2 Nxd5 28. Rd1 c6 29. Nf4 b5 30. Nxd5 cxd5 31. Rxd5 Rxd5 32. Bxd5 Ke7 33. Kf1
Kd6 34. Ba2 Ke5 35. Ke2 Kd4 36. Bb1 f6 37. f4 Bf7 38. Kd2 Bc4 39. Bf5 Bd5 40.
Bd3 Bc4 41. Bf5 Bf1 42. Bd7 Bd3 43. Be8 Bc4 44. Bd7 Ke4 45. Bc6+ Kd4 46. Bd7 b4
47. axb4 axb4 48. Bf5 Bd5 49. Bd3 g5 50. hxg5 fxg5 51. fxg5 hxg5 52. Bf1 Be4
53. Ba6 Bd5 1/2-1/2

[Event "CRO-ch 10th"]
[Site "Otocac"]
[Date "2010.01.25"]
[Round "8.6"]
[White "Kozul, Zdenko"]
[Black "Saric, Ivan"]
[Result "1/2-1/2"]
[WhiteElo "2617"]
[BlackElo "2586"]
[PlyCount "77"]
[EventDate "2010.01.18"]
[EventRounds "11"]
[EventCountry "CRO"]
[EventCategory "13"]
[Source "Mirjana Medic"]
[SourceDate "2010.01.18"]

1. d4 d5 2. c4 c6 3. e3 Nf6 4. Nc3 e6 5. Nf3 Nbd7 6. Bd3 dxc4 7. Bxc4 b5 8. Bd3
a6 9. a4 Bb7 10. axb5 axb5 11. Rxa8 Qxa8 12. O-O Be7 13. e4 b4 14. Na4 c5 15.
e5 Bxf3 16. Qxf3 Qxf3 17. gxf3 Nd5 18. Be3 O-O 19. Bc4 cxd4 20. Bxd4 Rd8 21.
Bxd5 exd5 22. f4 g6 23. Kg2 Nf8 24. Bc5 Bxc5 25. Nxc5 Rc8 26. Nd3 Ne6 27. f5
gxf5 28. Nxb4 Nf4+ 29. Kf3 Rc4 30. Nc2 Nd3 31. Ne3 Rf4+ 32. Ke2 Nxe5 33. Rd1 d4
34. Nd5 d3+ 35. Kf1 Rh4 36. Kg2 f4 37. f3 Rh6 38. Nxf4 Rb6 39. Nxd3 1/2-1/2

[Event "CRO-ch 10th"]
[Site "Otocac"]
[Date "2010.01.26"]
[Round "9.1"]
[White "Saric, Ivan"]
[Black "Cvitan, Ognjen"]
[Result "1-0"]
[WhiteElo "2586"]
[BlackElo "2554"]
[PlyCount "165"]
[EventDate "2010.01.18"]
[EventRounds "11"]
[EventCountry "CRO"]
[EventCategory "13"]
[Source "Mirjana Medic"]
[SourceDate "2010.01.18"]

1. e4 c5 2. Nf3 d6 3. d4 cxd4 4. Nxd4 Nf6 5. Nc3 a6 6. h3 e5 7. Nde2 h5 8. Bg5
Be6 9. Bxf6 Qxf6 10. Nd5 Qd8 11. Nec3 Nd7 12. Be2 g6 13. O-O Bh6 14. a4 Rc8 15.
a5 O-O 16. b4 Nf6 17. Re1 Kg7 18. Ra3 Rc6 19. Bf1 Bxd5 20. Nxd5 Nxd5 21. Qxd5
Qg5 22. Rd1 h4 23. c4 Rfc8 24. Rf3 Qe7 25. Rb3 Kg8 26. Rbb1 Bf8 27. Be2 Kg7 28.
Qd2 b6 29. Bg4 R8c7 30. b5 axb5 31. cxb5 Rc2 32. Qe1 bxa5 33. b6 Rb7 34. Rdc1
Rxc1 35. Qxc1 d5 36. Bc8 Rb8 37. exd5 Qd8 38. b7 Qxd5 39. Qc2 Bc5 40. Kh1 Qd4
41. Rd1 Qb4 42. Rc1 Bd6 43. Rb1 Qf4 44. Kg1 a4 45. Rd1 e4 46. Qxa4 Be5 47. Kf1
Bc7 48. Qd4+ Be5 49. Qe3 f5 50. Rd7+ Kh6 51. Ke2 Kg5 52. Rh7 Qxe3+ 53. Kxe3
Bf4+ 54. Ke2 Be5 55. f3 exf3+ 56. Kxf3 Bg3 57. Ke3 Be1 58. Re7 Bg3 59. Re6 Bh2
60. Kd4 Bg3 61. Kd5 Bh2 62. Kc6 Kh5 63. Kd7 Kh6 64. Ra6 Bg3 65. Ke6 Kg7 66. Ra4
Bf2 67. Rc4 Bg3 68. Rd4 Be1 69. Rd7+ Kh6 70. Kf7 Bg3 71. Re7 Kg5 72. Re6 Kf4
73. Kxg6 Bf2 74. Rf6 Kg3 75. Kxf5 Kxg2 76. Kg4 Bg3 77. Rf3 Be1 78. Ra3 Bg3 79.
Ra2+ Kf1 80. Kf3 Ke1 81. Rg2 Bc7 82. Rg4 Bd8 83. Re4+ 1-0